000
00244nam a2200097Ia 4500
001
644433
005
20250826153604.0
008
250824s9999 xx 000 0 und d
245
0
_a
havacılık ve uzay
_c
Lindsey Lowe
260
_b
TÜBİTAK YAYINLARI
999
_c
644433
_d
644433